World Leaders of Latin America - Statistics

General Stats
  • This quiz has been taken 60 times
    18 since last reset
  • The average score is 11 of 19
Answer Stats
Country Answer % Correct
Mexico Claudia Sheinbaum
88%
Argentina Javier Milei
75%
Brazil Luiz Inácio Lula da Silva
75%
Cuba Miguel Díaz-Canel
75%
El Salvador Nayib Bukele
75%
Ecuador Daniel Noboa
63%
Venezuela Delcy Rodríguez
63%
Colombia Gustavo Petro
63%
Chile José Antonio Kast
63%
Honduras Nasry Asfura
63%
Bolivia Rodrigo Paz
63%
Guatemala Bernardo Arévalo
50%
Nicaragua Daniel Ortega and Rosario Murillo
50%
Costa Rica Laura Fernández Delgado
50%
Dominican Republic Luis Abinader
50%
Paraguay Santiago Peña
50%
Uruguay Yamandú Orsi
50%
Peru José María Balcázar
38%
Panama José Raúl Mulino
38%
No matching quizzes found
Score Distribution
Percent of People with Each Score
Percentile by Number Answered
Your Score History
You have not taken this quiz since the last reset